000
00409nam a22001697a 4500
003
MPLRDC
005
20220104113845.0
008
210129b ||||| |||| 00| 0 eng d
082
_a
782.891 LSQ
100
_a
叶永烈
245
_a
倾城之恋
_c
250
_a
一版一刷
260
_a
_b
香港文化教育出版社有
_c
1991
300
_b
平
650
_a
梁实秋传记
942
_c
BK
_o
782.891 LSQ
999
_c
2903
_d
2893